|
|
แสดงรายละเอียดบรรณานุกรม |
|
|
Brief Record
: Get Marc (ISO 2709)
: E-mail record
: |
| LEADER 00000nama 2200000uu 4500 | |||
| 008 040531s|||| th m m a000 0 tha d | |||
| 020 974-291-470-2 | |||
| 041 tha | |||
| 050 ฑฤ645.7.T5 ค695 2541 | |||
| 100 หน่วยกู้ชีพ กลุ่มงานอุบัติเหตุฉุกเฉินและนิติเวชวิทยา. | |||
| 245 คู่มือการจัดระบบบริหารผู้ป่วยฉุกเฉิน ณ จุดเกิดเหตุ. | |||
| 260 ขอนแก่น. หน่วยกู้ชีพ กลุ่มงานอุบัติเหตุฉุกเฉินและนิติเวชวิทยา. 2541. | |||
| 440 Report no.30-1998-6 | |||
| 600 โรงพยาบาล--บริการพยาบาลฉุกเฉิน--คู่มือ. | |||
| 650 พนักงานกู้ชีพ--ไทย--ขอนแก่น--คู่มือ. | |||
| 995 001 | |||
| คุณยังไม่ได้ล็อกอิน คุณสามารถมีกิจกรรมร่วมกับเว็บไซต์ได้ แต่ต้องล็อกอินก่อน :: |
|
| สถานะ | |||||||||
| 1. | หนังสือทั่วไป | ฑฤ645.7.T5 ค695 2541 | On Shelf ขอยืม | ||||||
| [แสดง 1/1 รายการ] | |||||||||
BibComment |
| คอมเมนท์ทรัพยากรรายการนี้ |
|
|